书目信息 |
| 题名: |
恐惧与颤粟
|
|
| 作者: | 克尔凯郭尔 著 ;一谌...[等] 译 | |
| 分册: | ||
| 出版信息: | 北京 华夏出版社 1999.1 |
|
| 页数: | 270页 | |
| 开本: | 20cm | |
| 丛书名: | 现代西方思想文库 | |
| 单 册: | ||
| 中图分类: | B534 | |
| 科图分类: | ||
| 主题词: | 哲学--洲 | |
| 电子资源: | ||
| ISBN: | 7-5080-1638-6 | |
| 000 | 00688nam0 2200229 45 | |
| 001 | 0104091473 | |
| 005 | 20031219104049.4 | |
| 010 | @a7-5080-1638-6@dCNY14.00 | |
| 100 | @a20010409d1999 km y0chiy0120 ea | |
| 101 | 0 | @achi |
| 105 | @a z 000yy | |
| 200 | 1 | @a恐惧与颤粟@AKong Ju Yu Chan Su@f(丹麦)克尔凯郭尔著@F(Dan Mai)Ke Er KaiGuo Er Zhu@g一谌...[等]译 |
| 210 | @a北京@c华夏出版社@d1999.1 | |
| 215 | @a270页@d20cm | |
| 225 | @a现代西方思想文库 | |
| 410 | @12001 @a现代西方思想文库 | |
| 606 | 0 | @a哲学@y洲 |
| 690 | @aB534@v1 | |
| 701 | 0 | @a克尔凯郭尔@4著 |
| 702 | 0 | @a一谌...[等]@AYi Chen...[Deng]@4译 |
| 801 | @aCN@bTSTC@c20010514 | |
| 905 | @a213230@f3@b296688-690@dB534@e12 | |
| 恐惧与颤粟/(丹麦)克尔凯郭尔著/一谌...[等]译.-北京:华夏出版社,1999.1 |
| 270页;20cm.-(现代西方思想文库) |
| ISBN 7-5080-1638-6:CNY14.00 |
| ● |
| 相关链接 |
|
|
|
|
正题名:恐惧与颤粟
索取号:B534/12
 
预约/预借
| 序号 | 登录号 | 条形码 | 馆藏地/架位号 | 状态 | 备注 |
| 1 | 0296688 | 002966883 | 第一借阅区/ [索取号:B534/12] | 在馆 | |
| 2 | 0296689 | 002966892 | 第一借阅区/ [索取号:B534/12] | 在馆 | |
| 3 | 0296690 | 002966909 | 第一样本阅览室/ [索取号:B534/12] | 在馆 |